ARRUPE JESUIT UNIVERSITY

CORONAVIRUS -STOP THE SPREAD - CLEAN,DISINFECT,COVER

Portuguese (Record no. 131055)

MARC details
000 -LEADER
fixed length control field 00560nam a22001697a 4500
008 - FIXED-LENGTH DATA ELEMENTS--GENERAL INFORMATION
fixed length control field 211102b ||||| |||| 00| 0 eng d
020 ## - INTERNATIONAL STANDARD BOOK NUMBER
International Standard Book Number 0415308178
050 ## - LIBRARY OF CONGRESS CALL NUMBER
Classification number PC5067.3.H88 2003
100 ## - MAIN ENTRY--PERSONAL NAME
Personal name Hutchinson, Amelia P. and Lloyd, Janet
9 (RLIN) 50841
245 ## - TITLE STATEMENT
Title Portuguese
Remainder of title an essential grammar
250 ## - EDITION STATEMENT
Edition statement 2nd. ed.
260 ## - PUBLICATION, DISTRIBUTION, ETC. (IMPRINT)
Place of publication, distribution, etc New York:
Name of publisher, distributor, etc Routledge,
Date of publication, distribution, etc 1996.
300 ## - PHYSICAL DESCRIPTION
Extent xx, 262p.;
Dimensions 23cm.
650 ## - SUBJECT ADDED ENTRY--TOPICAL TERM
Topical term or geographic name as entry element Portuguese language
General subdivision Grammar
9 (RLIN) 50842
650 ## - SUBJECT ADDED ENTRY--TOPICAL TERM
Topical term or geographic name as entry element Portuguese language
General subdivision Textbooks for the foreign speakers
-- English
9 (RLIN) 50843
942 ## - ADDED ENTRY ELEMENTS (KOHA)
Source of classification or shelving scheme Library of Congress Classification
Item type Monograph ( Printed materials)
Holdings
Withdrawn status Lost status Source of classification or shelving scheme Damaged status Not for loan Collection code Home library Current library Shelving location Date acquired Total Checkouts Full call number Barcode Date last seen Copy number Price effective from Koha item type
    Library of Congress Classification     Main Collection ARRUPE LIBRARY ARRUPE LIBRARY Main Collection 02/11/2021   PC5067.3.H88 2003 46600007723 02/11/2021 1 02/11/2021 Monograph ( Printed materials)

 

Arrupe Library. PO Box MP320 Mt Pleasant, Harare, Zimbabwe
263 242 745411|librarian@aju.ac.zw